000 00438nam a2200157 i 4500
001 bg
100 1 _aADDLESON, Lyall.
245 0 _aMaterials for building.
_nVol. 1,
_pPhysical and chemical aspects of watter and strenght of materials /
_cLyall Addleson.
260 _aLondon,
_c1972.
650 9 _aMateriaƂy budowlane
040 _cBPK
041 _apol
080 _a691
942 _cKS
008 s pl f |000 0 pol
999 _c14690
_d14690
856 _uhttp://koha.tu.koszalin.pl/cgi-bin/koha/opac-detail.pl?biblionumber=14690
_yKatalog online BPK